000 00488nam a2200181Ia 4500
001 19476
005 20260306172656.0
008 260306t2013||||xx |||||||||||||| ||spa||
041 _aESP
082 _a340
_bE366
100 _aEpp, Charles R.
_eAUT
245 0 _aLa revolución de los derechos:
_babogados, activistas y cortes supremas en perspectiva comparada
260 _c2013
300 _a363 pƔginas :
_c23 cm.
650 _aGEN
654 _aCDE
942 _cLIB
_dJUS
_fJUS
_2ddc
_n
999 _c19476
_d19476